| 000 | 01257nam a2200337 c 4500 | ||
|---|---|---|---|
| 003 | BLK | ||
| 005 | 20180420225955.0 | ||
| 008 | 180409b bul|||||r ||||||| ||bul|| | ||
| 010 | _aKNG00105057000 | ||
| 020 |
_a0-582-02131-6 _bиздат.: Longman - на том |
||
| 040 | _aBLK | ||
| 041 |
_aENG _cENG |
||
| 080 |
_aНобелови награди по физика (аналогично и за др. сфери) _b06.068 Нобел:53 _x(075.4) _z06.068 Нобел:53(075.4) |
||
| 700 | 1 |
_aAbbs, Brian _eавт. на том _93117 |
|
| 700 | 1 |
_aFreebairn, Ingrid _eавт. на том _910347 |
|
| 139 |
_aBlueprint _bB 68 |
||
| 245 | 1 | 0 |
_aBlueprint _b[Vol.] 1-4 _cавт. на том Brian Abbs; авт. на том Ingrid Freebairn. _n[Vol.] 3 _pStudent's book : Intermediate |
| 257 | _aBGR | ||
| 260 |
_аHarlow _c1995 - |
||
| 300 | _c26 cm. | ||
| 380 | _a80 | ||
| 650 | 4 |
_aАнглийски език - учебници за самоподготовка _9253258 |
|
| 653 | _aанглийски език | ||
| 653 | _aучебници | ||
| 760 | 1 |
_3- на том _dLongman, 1997 _h128 c. _t[Vol.] 3 Student's book : Intermediate |
|
| 852 | _aЦб ІІ 9632 | ||
| 856 | 4 |
_qpdf _u |
|
| 856 | 4 |
_qpdf _u |
|
| 942 |
_cKNG _n0 |
||
| 944 |
_aCR _c01.01.1999 _k |
||
| 944 |
_aED _c27.02.2003 _k |
||
| 999 |
_c100039 _d100039 |
||